Data Visualization Tools for Materials Properties Research; MATEC Web of Conferences; Vol. 96 : Fundamental Aspects of Rare-Earth Elements Exploration, Mining and Separation and Modern Materials Engineering (REE-2016)

Dades bibliogràfiques
Parent link:MATEC Web of Conferences
Vol. 96 : Fundamental Aspects of Rare-Earth Elements Exploration, Mining and Separation and Modern Materials Engineering (REE-2016).— 2017.— [00014, 5 p.]
Autor corporatiu: Национальный исследовательский Томский политехнический университет
Altres autors: Obkhodskiy A. V. Artem Viktorovich, Popov A. S. Aleksandr Sergeevich, Zolotarev A. A. Alexey Andreevich, Kuznetsov S. G. Sergey Gennadjevich, Sachkov V. I. Victor Ivanovich
Sumari:Title screen
In work presented the results of research the algorithms of experimental data visualization, which obtain in the simulation of materials. The algorithms study was carried out on the example of the complete cycle for calculating the properties of an ideal diamond crystal. The calculation of crystal lattice properties was carried out using a software package for materials simulation. The obtained experimental data were analyzed using program REM_Viewer in which have been realized the algorithms of data visualization.
Idioma:anglès
Publicat: 2017
Matèries:
Accés en línia:https://doi.org/10.1051/matecconf/20179600014
Format: MixedMaterials Electrònic Capítol de llibre
KOHA link:https://koha.lib.tpu.ru/cgi-bin/koha/opac-detail.pl?biblionumber=655246

MARC

LEADER 00000naa2a2200000 4500
001 655246
005 20260310141811.0
035 |a (RuTPU)RU\TPU\network\21177 
035 |a RU\TPU\network\21176 
090 |a 655246 
100 |a 20170811d2017 k||y0rusy50 ba 
101 0 |a eng 
135 |a drcn ---uucaa 
181 0 |a i  
182 0 |a b 
200 1 |a Data Visualization Tools for Materials Properties Research  |f A. V. Obkhodskiy [et al.] 
203 |a Text  |c electronic 
300 |a Title screen 
320 |a [References: 24 tit.] 
330 |a In work presented the results of research the algorithms of experimental data visualization, which obtain in the simulation of materials. The algorithms study was carried out on the example of the complete cycle for calculating the properties of an ideal diamond crystal. The calculation of crystal lattice properties was carried out using a software package for materials simulation. The obtained experimental data were analyzed using program REM_Viewer in which have been realized the algorithms of data visualization. 
461 1 |0 (RuTPU)RU\TPU\network\4526  |t MATEC Web of Conferences 
463 1 |t Vol. 96 : Fundamental Aspects of Rare-Earth Elements Exploration, Mining and Separation and Modern Materials Engineering (REE-2016)  |o 3rd International Symposium on Fundamental Aspects, 15-18 August, 2016, Kazakhstan  |v [00014, 5 p.]  |d 2017 
610 1 |a электронный ресурс 
610 1 |a труды учёных ТПУ 
610 1 |a визуализация 
610 1 |a данные 
610 1 |a инструменты 
610 1 |a исследования 
610 1 |a материалы 
701 1 |a Obkhodskiy  |b A. V.  |c specialist in the field of nuclear power engineering  |c Associate Professor of Tomsk Polytechnic University, Candidate of technical science  |f 1982-  |g Artem Viktorovich  |3 (RuTPU)RU\TPU\pers\32672 
701 1 |a Popov  |b A. S.  |c physicist  |c Design Engineer of Tomsk Polytechnic University  |f 1992-  |g Aleksandr Sergeevich  |3 (RuTPU)RU\TPU\pers\38306 
701 1 |a Zolotarev  |b A. A.  |g Alexey Andreevich 
701 1 |a Kuznetsov  |b S. G.  |g Sergey Gennadjevich 
701 1 |a Sachkov  |b V. I.  |g Victor Ivanovich 
712 0 2 |a Национальный исследовательский Томский политехнический университет  |c (2009- )  |9 26305 
801 2 |a RU  |b 63413507  |c 20170811  |g RCR 
856 4 |u https://doi.org/10.1051/matecconf/20179600014 
942 |c CF